000 00489nam a2200157Ia 4500
008 090711s9999 xx 000 0 und d
082 _b36682
100 _aबेहेरे माधव उाgऎ.
245 _aभाग्यSाक्र
260 _c1970
600 _aबेहेरे माधव उाgऎ.
630 _aभाग्यSाक्र
700 _aबेहेरे माधव उाgऎ.
730 _aभाग्यSाक्र
942 _cBOOK
999 _c307702
_d307702